[Event "Olympiad Women 2024"]
[Site "Budapest HUN"]
[Date "2024.09.11"]
[Round "1.4"]
[Board "2"]
[White "Maltsevskaya, Aleksandra"]
[Black "Chung Hurtado, Yaleika"]
[Result "1-0"]
[WhiteElo "2404"]
[BlackElo "1832"]
[PlyCount "65"]
[EventDate "2024.09.11"]
[WhiteTeam "Poland"]
[BlackTeam "Panama"]
[WhiteTeamCountry "POL"]
[BlackTeamCountry "PAN"]

1. e4 c6 2. d4 d5 3. e5 c5 4. Nf3 Nc6 5. dxc5 Bg4 6. c3 Bxf3 7. Qxf3 Nxe5 8. Bb5+ Nc6 9. O-O e6 10. b4 Be7 ({RR} 10... Nf6 11. Bf4 Be7 12. Nd2 O-O 13. Rfe1 Nd7 14. Nb3 Bf6 15. Bd6 Re8 16. Rad1 Qc8 17. a3 a6 18. Bxc6 bxc6 19. c4 Nf8 20. g3 Ng6 21. cxd5 exd5 22. Qd3 h5 23. Rxe8+ Qxe8 24. h4 Ne5 25. Bxe5 {½-½ Almasi,Z (2713)-Khenkin,I (2656) Olympiad-40 Istanbul 2012 (8.2)}) ({RR} 10... Nf6 11. Bf4 Be7 12. Nd2 O-O 13. Rfe1 Ne8 14. Nb3 Bf6 15. Rad1 Nc7 16. Bd6 Re8 17. a4 Nxb5 18. axb5 Ne7 19. Na5 Qd7 20. Bxe7 Bxe7 21. c6 bxc6 22. bxc6 Qd6 23. b5 a6 24. Nc4 Qc5 25. Ne5 {1-0 Osmak,Y (2452)-Dzierzak,R (2212) Titled Tue 12th Mar Late 2024 (6)}) 11. Nd2 $146 ({RR} 11. Bf4 Nf6 12. Nd2 O-O 13. Rfe1 Rc8 14. Rad1 a6 15. Bf1 Qe8 16. Qh3 Na7 17. Bd3 Kh8 18. Nf3 g6 19. Nd4 Nc6 20. Nxc6 Rxc6 21. Be5 Kg8 22. Qh6 Nh5 23. g4 f6 24. gxh5 fxe5 25. hxg6 {1-0 Skaperdas,K (2097)-Papanikolaou,N (1698) GRE-chT 42nd 2014 (4.4)}) ({RR} 11. Bf4 Nf6 12. Nd2 O-O 13. Rfe1 a6 14. Ba4 Rc8 15. a3 b6 16. cxb6 Qxb6 17. c4 a5 18. c5 Qb7 19. Bxc6 Qxc6 20. Rab1 a4 21. Rbd1 Rfd8 22. Nb1 Ne4 23. Qd3 h6 24. f3 Nf6 25. Kh1 d4 {1-0 Ziska,H (2456)-Arjun,B (2210) Reykjavik op 2012 (3)}) 11... Bf6 12. Rd1 Qc7 13. Nf1 Nge7 14. Ng3 O-O 15. a3 a6 16. Bxc6 Nxc6 17. Nh5 Qe7 18. Bf4 Ne5 19. Qg3 Nc4 20. Bh6 g6 21. Nxf6+ Qxf6 22. Bxf8 Rxf8 23. Rd4 Rc8 24. Rad1 Nxa3 25. Qh3 Rc7 26. Rh4 Qg7 27. c4 Nc2 28. cxd5 exd5 29. Qd3 Qf6 30. g3 Qb2 31. Qxd5 Kg7 32. Qd2 Qb3 33. Qh6+ 1-0

[Event "Olympiad Women 2024"]
[Site "Budapest HUN"]
[Date "2024.09.11"]
[Round "1.4"]
[Board "3"]
[White "Vasquez Jaen, Lourdes Lorena"]
[Black "Kiolbasa, Oliwia"]
[Result "0-1"]
[WhiteElo "1821"]
[BlackElo "2348"]
[PlyCount "58"]
[EventDate "2024.09.11"]
[WhiteTeam "Panama"]
[BlackTeam "Poland"]
[WhiteTeamCountry "PAN"]
[BlackTeamCountry "POL"]

1. d4 {Krasenkow,Michal} Nf6 2. c4 e6 3. Nf3 b6 4. g3 Bb7 5. Bg2 Be7 6. d5 exd5 7. Nh4 c6 ({RR} 7... Bb4+ 8. Nd2 c6 9. cxd5 Nxd5 10. O-O Nc7 11. Nf5 Ne6 12. e4 g6 13. Nh6 Bf8 14. Nc4 Ba6 15. Qf3 f6 16. b3) ({RR} 7... Ne4 8. cxd5 Bxh4 9. gxh4 ({RR} 9. Bxe4) 9... Qe7 10. Qd4 f5 11. Bg5 Nxg5 12. d6 Bxg2 13. dxe7 Ne6 14. Qe3 ({RR} 14. Qd2 Bxh1 15. f3) 14... Bxh1 ({RR} 14... f4 15. Qd2 Bxh1 16. f3 Bg2) 15. f3 Nc6 16. Nc3 f4 17. Qg1 Bxf3 18. exf3 Nxe7 19. O-O-O O-O-O) 8. Nf5 O-O 9. cxd5 Nxd5 10. Bxd5 $146 ({RR} 10. e4 Nc7 11. Bf4 ({RR} 11. O-O) 11... d5 12. Qg4 Ne6 13. Nc3 Kh8 ({RR} 13... g6) 14. Be5 ({RR} 14. O-O-O Nd7 15. exd5 cxd5 16. Nxd5 Bxd5 17. Bxd5 Rc8+ 18. Kb1 Nf6 19. Qf3 Nxf4 20. gxf4 Qc7) 14... Bf6 15. Bxf6 Qxf6 16. O-O-O ({RR} 16. exd5 Nc5 ({RR} 16... cxd5 17. O-O-O) 17. O-O-O Bc8 18. Qxg7+ Qxg7 19. Nxg7 Nba6 ({RR} 19... Kxg7 20. b4) 20. Nh5 ({RR} 20. dxc6 Kxg7) 20... Bg4 21. Nf4 Bxd1 22. Rxd1) 16... Nd7 ({RR} 16... g6 17. Nd6 d4) 17. f4 Ndc5 18. e5 ({RR} 18. exd5 cxd5 19. Bxd5) 18... Qg6 19. Qh3 ({RR} 19. Qxg6 hxg6 20. Nd6 Ba6) 19... f6 20. Nh4 Qh6 21. Nf3 ({RR} 21. exf6 Qxf6) 21... Qxh3 ({RR} 21... Nxf4 22. gxf4 ({RR} 22. Qxh6 Nfd3+ 23. Rxd3 Nxd3+ 24. Kd2 gxh6 25. Kxd3 fxe5) 22... Qxf4+ 23. Kb1 fxe5) 22. Bxh3 Nc7 ({RR} 22... a5 23. f5 fxe5) 23. b4 N5a6 24. b5 cxb5 {0-1 Radjabov,T (2761)-Grischuk,A (2733) Linares 26th 2009 (4)}) ({RR} 10. e4 Nc7 11. e5 f6 12. Qg4 g6 13. h4 fxe5 14. h5 g5 15. Nxe7+ Qxe7 16. Bxg5 Qe6 17. Qh4 d5 18. Bh3 Qf7 19. Bh6 Re8 20. Nc3 Nba6 21. O-O Bc8 22. Bxc8 Raxc8 23. f4 e4 24. f5 Kh8 {1-0 Peng,L (2551)-Raghav V (2006) DINI International 2024 (2.2)}) ({RR} 10. e4 Nc7 11. Bh6 Ne6 12. Qg4 Bf6 13. Nc3 Kh8 14. Bf4 Nxf4 15. gxf4 d5 16. O-O-O g6 17. Ne3 Bxc3 18. bxc3 Nd7 19. h4 Qe7 20. h5 Nf6 21. Qg5 dxe4 22. Rd7 Qa3+ 23. Kb1 Nxd7 24. hxg6 fxg6 {0-1 Adhiban,B (2674)-Alekseev,E (2642) Wch Blitz 9th 2015 (10)}) 10... cxd5 11. Nxe7+ Qxe7 12. O-O d4 13. Qxd4 Qxe2 14. Qf4 Nc6 15. Nc3 Nd4 16. Rd1 Nf3+ 17. Kg2 Ng5+ 18. Rd5 Bxd5+ 19. Nxd5 Ne6 20. Ne7+ Kh8 21. Qh4 Rae8 22. Nf5 Qd3 23. Qg4 g6 24. Nh4 f5 25. Qb4 Qe4+ 26. Qxe4 fxe4 27. Bh6 Rf7 28. Kg1 g5 29. Ng2 Rf6 0-1

[Event "Olympiad Women 2024"]
[Site "Budapest HUN"]
[Date "2024.09.11"]
[Round "1.4"]
[Board "4"]
[White "Sliwicka, Alicja"]
[Black "Caicedo Rios, Layla Yasmira"]
[Result "1-0"]
[WhiteElo "2373"]
[BlackElo "1803"]
[PlyCount "63"]
[EventDate "2024.09.11"]
[WhiteTeam "Poland"]
[BlackTeam "Panama"]
[WhiteTeamCountry "POL"]
[BlackTeamCountry "PAN"]

1. e4 c5 2. Nf3 d6 3. d4 cxd4 4. Nxd4 Nf6 5. Nc3 a6 6. Bd3 e5 7. Nde2 Be7 8. O-O O-O 9. Ng3 Nc6 ({RR} 9... Bg4 10. Be2 Be6 11. Nd5 Nxd5 12. exd5 Bc8 13. f4 Nd7 14. Nf5 Bf6 15. c3 exf4 16. Bxf4 Ne5 17. Nd4 Re8 18. Kh1 Bg5 19. Qd2 Bxf4 20. Qxf4 Bd7 21. Rad1 Qb6 22. Rd2 Re7 23. h3 Rae8 24. Bd3 {0-1 Aronian,L (2742)-Svidler,P (2689) Levitov Chess Week Rapid 2023 (9.5)}) 10. Nd5 h6 $146 ({RR} 10... Nxd5 11. exd5 Nb4 12. Bf5 a5 13. c3 Na6 14. f4 Bf6 15. Kh1 Nc5 16. Be3 b6 17. Bxc8 Rxc8 18. Bxc5 bxc5 19. f5 e4 20. Nxe4 Re8 21. Qg4 Rb8 22. Rf2 Re5 23. Rd1 Qe7 24. Re2 Re8 25. Rde1 {1-0 Arjun,K (2503)-Spitzl,V (2346) Riga Tech op-A 2021 (3)}) ({RR} 10... Nxd5 11. exd5 Nb4 12. Bf5 a5 13. c3 Na6 14. f4 g6 15. Bxc8 Rxc8 16. f5 Nc5 17. Bh6 Re8 18. Qf3 f6 19. fxg6 hxg6 20. Qg4 Kf7 21. b4 Qd7 22. Nf5 Na4 23. Bd2 Rc7 24. Qh3 Kg8 25. Qh6 {1-0 George Micheal,K (2257)-Guo,E (2211) Titled Tue 6th Aug Early 2024 (6)}) ({RR} 10... b5 11. a4 Rb8 12. axb5 axb5 13. Be3 Nxd5 14. exd5 Nb4 15. Be2 Bb7 16. Ba7 Rc8 17. c3 Nxd5 18. Bf3 Nxc3 19. bxc3 d5 20. Qb3 e4 21. Bg4 Rc4 22. Be2 Rc6 23. Qxb5 Qc8 24. Bd4 f5 25. f4 {1-0 Pham,K (2334)-Verhoeven,R (1992) Open NK Rapid 2023 (7.5)}) 11. Be3 Be6 12. c4 Rb8 13. Rc1 Re8 14. Qd2 Ng4 15. Bb6 Qd7 16. Nxe7+ Nxe7 17. h3 Nf6 18. Rfd1 Rbc8 19. Bf1 Rc6 20. Be3 Ng6 21. f3 Kh7 22. b3 Nh4 23. Qf2 g5 24. Rc2 Ng6 25. Rcd2 Nf4 26. c5 d5 27. exd5 N4xd5 28. Bc4 Rd8 29. Ne4 Kg6 30. Nxf6 Kxf6 31. h4 Rcc8 32. hxg5+ 1-0

[Event "Olympiad Women 2024"]
[Site "Budapest HUN"]
[Date "2024.09.11"]
[Round "1.5"]
[Board "1"]
[White "Song, Yuxin"]
[Black "February, Jesse Nikki"]
[Result "1-0"]
[WhiteElo "2373"]
[BlackElo "2013"]
[PlyCount "87"]
[EventDate "2024.09.11"]
[WhiteTeam "China"]
[BlackTeam "South Africa"]
[WhiteTeamCountry "CHN"]
[BlackTeamCountry "RSA"]

1. e4 e6 2. d4 d5 3. Nd2 dxe4 4. Nxe4 Nd7 5. Nf3 Ngf6 6. Nxf6+ Nxf6 7. Ne5 Qd5 ({RR} 7... a6 8. Bd3 c5 9. dxc5 Qd5 10. Qe2 Qxc5 11. O-O Be7 12. Bg5 h6 13. Bh4 Nd7 14. Bxe7 Kxe7 15. Nf3 Nf6 16. Rad1 Rd8 17. Be4 Rxd1 18. Rxd1 Rb8 19. Nd4 Bd7 20. Bf3 Kf8 21. Nb3 Qc7 22. Qd2 {½-½ Nikolenko,O (2533)-Grachev,B (2684) RUS-ch Higher League 62nd 2009 (9)}) 8. Be3 Bd6 ({RR} 8... Be7 9. f3 O-O 10. Qd2 b5 11. Be2 a6 12. Nd3 a5 13. Nc5 Bd7 14. O-O Bc6 15. Rfc1 Rfd8 16. c4 bxc4 17. Bxc4 Qd6 18. Rd1 Bd5 19. Bf1 Qb6 20. Qc2 Rab8 21. b3 h6 22. Rac1 c6 23. Qf2 {½-½ Gnaam,K (2039)-Shekh A,O (2082) SYR-ch Damascus 2019 (8)}) 9. Nd3 $146 ({RR} 9. Nc4 Be7 10. Qd3 Ng4 11. h3 Nxe3 12. Nxe3 Qa5+ 13. c3 c5 14. Qb5+ Qxb5 15. Bxb5+ Bd7 16. Bxd7+ Kxd7 17. dxc5 Bxc5 18. Rd1+ Kc7 19. Ke2 Rad8 20. Rxd8 Rxd8 21. Rd1 Rxd1 22. Nxd1 Be7 23. Ne3 e5 {½-½ Montiel,P-Martinez,J ARG-ch25 Buenos Aires 1946}) ({RR} 9. c4 Bb4+ 10. Ke2 Qa5 {½-½ Enevoldsen,J-Henning,K Travemuende 1950 (8)}) 9... O-O 10. Be2 Qa5+ 11. c3 c6 12. h4 Nd5 13. Bd2 Qc7 14. Qc1 e5 15. dxe5 Bxe5 16. c4 Nf6 17. Nxe5 Qxe5 18. Bc3 Qf5 19. O-O Re8 20. Re1 Be6 21. b3 Rad8 22. Bf3 Rd3 23. Re5 Qg6 24. Be2 Ng4 25. Rg5 Rxc3 26. Qxc3 Qf6 27. Qxf6 Nxf6 28. Re5 Nd7 29. Re3 f5 30. Rd1 Kf7 31. g4 g6 32. gxf5 Bxf5 33. Rxe8 Kxe8 34. h5 Ke7 35. hxg6 hxg6 36. Bd3 Bg4 37. Re1+ Kf7 38. f3 Bh5 39. Kf2 Kf6 40. Re8 Ne5 41. Be2 c5 42. Rb8 b6 43. Rb7 g5 44. f4 1-0

[Event "Olympiad Women 2024"]
[Site "Budapest HUN"]
[Date "2024.09.11"]
[Round "1.5"]
[Board "2"]
[White "Badenhorst, Chloe"]
[Black "Guo, Qi"]
[Result "0-1"]
[WhiteElo "1981"]
[BlackElo "2367"]
[PlyCount "94"]
[EventDate "2024.09.11"]
[WhiteTeam "South Africa"]
[BlackTeam "China"]
[WhiteTeamCountry "RSA"]
[BlackTeamCountry "CHN"]

1. e4 e5 2. Nf3 Nc6 3. Bb5 Nf6 4. Qe2 a6 5. Ba4 Be7 6. c3 b5 7. Bb3 d6 8. d4 ({RR} 8. h3 Bb7 9. O-O O-O 10. Rd1 Re8 11. Ng5 d5 12. d3 h6 13. Nf3 Bf8 14. Nbd2 Qd7 15. Nf1 Rad8 16. Ng3 g6 17. Be3 Bg7 18. a3 Kh7 19. exd5 Na5 20. Bc2 Nxd5 21. Ne4 Nf4 22. Qf1 Qf5 {0-1 Bortnyk,O (2581)-Bu,X (2705) Wch Blitz Doha 2016 (7)}) ({RR} 8. h3 O-O 9. d3 Na5 10. Bc2 c5 11. O-O Qc7 12. Re1 Bd7 13. Bg5 Rfe8 14. Nbd2 h6 15. Bh4 Rac8 16. Nf1 Nb7 17. Ne3 g5 18. Bg3 Nh5 19. Nh2 Nf4 20. Bxf4 exf4 21. Nd5 Qd8 22. Bb3 Be6 {0-1 Yin,Q-He,X (1418) Chinese Youth G16 2024 (7.5)}) 8... Bg4 9. Be3 Na5 10. Bc2 $146 ({RR} 10. dxe5 Bxf3 11. Qxf3 dxe5 12. Nd2 Qd3 13. Bd1 Rd8 14. Qe2 Qd7 15. O-O c5 16. a4 Nb7 17. axb5 axb5 18. c4 O-O 19. cxb5 Ra8 20. Ra6 Rxa6 21. bxa6 Na5 22. Nc4 Qc7 23. Bd2 Nc6 24. f3 Nd7 {1-0 Weyrauch,E (2153)-Wiemer,J (2062) GER-chA Seniors 27th 2015 (4)}) 10... Nc4 11. b3 Nxe3 12. Qxe3 Nd7 13. Nbd2 c6 14. h3 Bh5 15. O-O O-O 16. Rfe1 Qb6 17. Rad1 Rad8 18. Nf1 Rfe8 19. Ng3 exd4 20. cxd4 Bg6 21. Bb1 c5 22. Qf4 cxd4 23. Nxd4 Bf6 24. Ndf5 Be5 25. Qf3 Nf6 26. Qe3 Qxe3 27. Rxe3 d5 28. exd5 Nxd5 29. Ree1 Kf8 30. Rc1 Nc3 31. f4 Bxf4 32. Rxe8+ Kxe8 33. Rxc3 Rd1+ 34. Kf2 Rxb1 35. Nxg7+ Kd7 36. N7f5 Rb2+ 37. Kf3 Bxg3 38. Nxg3 Rxa2 39. h4 Rb2 40. Re3 Bc2 41. Kf4 Rxb3 42. Re2 Bb1 43. Nh5 a5 44. Kg5 a4 45. Rf2 Ke7 46. Re2+ Kd6 47. Rf2 a3 0-1

[Event "Olympiad Women 2024"]
[Site "Budapest HUN"]
[Date "2024.09.11"]
[Round "1.5"]
[Board "3"]
[White "Ni, Shiqun"]
[Black "Klaasen, Robyn Julian"]
[Result "1-0"]
[WhiteElo "2348"]
[BlackElo "1764"]
[PlyCount "97"]
[EventDate "2024.09.11"]
[WhiteTeam "China"]
[BlackTeam "South Africa"]
[WhiteTeamCountry "CHN"]
[BlackTeamCountry "RSA"]

1. e4 c5 2. Nf3 g6 3. c4 Nc6 4. d4 cxd4 5. Nxd4 Bg7 6. Be3 Nf6 7. Nc3 d6 8. Be2 O-O 9. O-O Bd7 10. Re1 Nxd4 11. Bxd4 Bc6 12. Qc2 a5 13. b3 Nd7 14. Bxg7 Kxg7 15. Rad1 Qb6 16. Qb2 Kg8 17. Nd5 $146 ({RR} 17. Bf1 Nc5 18. Nd5 Bxd5 19. exd5 Rfe8 20. h4 h5 21. Re3 Qb4 22. Rde1 e5 23. dxe6 Rxe6 24. Rxe6 Nxe6 25. Rd1 a4 26. Qd2 Qxd2 27. Rxd2 axb3 28. axb3 Ra3 29. b4 Rb3 30. b5 Rb1 31. g3 Kf8 {1-0 Mikhailovsky,V (2215)-Toncheva,N (2253) Titled Tue 5th Sep Early 2023 (8)}) ({RR} 17. h4 Nc5 18. Bf3 Qb4 19. e5 dxe5 20. Rxe5 a4 21. h5 axb3 22. Bxc6 bxc6 23. h6 Qa3 24. Qxa3 Rxa3 25. Rxc5 bxa2 26. Nxa2 Rxa2 27. Rxc6 f6 28. Rc7 Kf7 29. Re1 Re8 30. f4 Ra6 31. Re2 Re6 {½-½ Karsten,J (2323)-Franco,G (2021) Reykjavik Open 2024 (3.90)}) 17... Bxd5 18. exd5 Ne5 19. Bf1 Rac8 20. Rd4 Rce8 21. Re3 f5 22. h4 Ng4 23. Re1 Qc5 24. a3 Nf6 25. Bd3 b6 26. b4 Qc7 27. Bc2 axb4 28. axb4 Ra8 29. Qc3 Rfc8 30. Qe3 Re8 31. Bb3 Kg7 32. Rd3 Ra3 33. Qd4 Kg8 34. Qb2 Qa7 35. Rde3 Kf7 36. Re6 Ne4 37. f3 b5+ 38. c5 dxc5 39. fxe4 c4+ 40. Kh1 Rxb3 41. Qe5 Re3 42. Ra1 Qb7 43. Qf4 Rxe4 44. Rxe4 Qxd5 45. Re5 Qd6 46. Rae1 Qxb4 47. Qh6 Kg8 48. h5 Qd6 49. Re6 1-0

[Event "Olympiad Women 2024"]
[Site "Budapest HUN"]
[Date "2024.09.11"]
[Round "1.5"]
[Board "4"]
[White "Nel, Hayley"]
[Black "Lu, Miaoyi"]
[Result "0-1"]
[WhiteElo "1753"]
[BlackElo "2438"]
[PlyCount "64"]
[EventDate "2024.09.11"]
[WhiteTeam "South Africa"]
[BlackTeam "China"]
[WhiteTeamCountry "RSA"]
[BlackTeamCountry "CHN"]

1. c4 Nf6 2. Nc3 g6 3. d4 Bg7 4. e4 d6 5. f3 O-O 6. Be3 c5 7. dxc5 dxc5 8. Qxd8 Rxd8 9. Bxc5 Nc6 10. a3 Nd7 11. Be3 Bxc3+ 12. bxc3 Nde5 13. f4 $146 ({RR} 13. h4 Be6 14. Nh3 Nd3+ 15. Bxd3 Rxd3 16. Kf2 Bxc4 17. h5 Rxc3 18. hxg6 hxg6 19. Ng5 f6 20. Rh6 fxg5 21. Rxg6+ Kf7 22. Rxg5 Rc2+ 23. Kg3 Rg8 24. Rh1 Rxg5+ 25. Bxg5 Rc3 26. Kf4 Rxa3 27. e5 Be6 {0-1 Pereira,T (1771)-Cantela,J (1703) KCF University Cup rapid 2021 (9)}) 13... Nd3+ 14. Bxd3 Rxd3 15. Bd2 Be6 16. Nf3 Bxc4 17. Rb1 Ba6 18. Kf2 Na5 19. a4 Nc4 20. Be1 Rad8 21. h4 b6 22. Rb4 Ne3 23. Rd4 R8xd4 24. cxd4 Ng4+ 25. Kg3 Nf6 26. e5 Nh5+ 27. Kf2 Nxf4 28. a5 Bb7 29. axb6 Nxg2 30. Kxg2 Bxf3+ 31. Kh2 Bxh1 32. Kxh1 Rd1 0-1

[Event "Olympiad Women 2024"]
[Site "Budapest HUN"]
[Date "2024.09.11"]
[Round "1.6"]
[Board "1"]
[White "Samaganova, Aleksandra"]
[Black "Ushenina, Anna"]
[Result "1/2-1/2"]
[WhiteElo "1948"]
[BlackElo "2417"]
[PlyCount "107"]
[EventDate "2024.09.11"]
[WhiteTeam "Kyrgyzstan"]
[BlackTeam "Ukraine"]
[WhiteTeamCountry "KGZ"]
[BlackTeamCountry "UKR"]

1. c4 c6 2. Nf3 d5 3. e3 Nf6 4. Nc3 e6 5. b3 Bd6 6. Bb2 O-O 7. Be2 b6 8. O-O ({RR} 8. Rc1 Bb7 9. cxd5 exd5 10. O-O Re8 11. Qc2 Nbd7 12. Qb1 Rc8 13. Rfd1 Ne5 14. d4 Nxf3+ 15. Bxf3 Rc7 16. Ne2 Ne4 17. Ng3 Bxg3 18. hxg3 Bc8 19. Qc2 Bf5 20. Qe2 Qd6 21. a3 a5 22. Qa6 Rb8 {½-½ Firouzja,A (2723)-Giri,A (2769) Wch Rapid Moscow 2019 (7)}) ({RR} 8. Rc1 Bb7 9. cxd5 exd5 10. O-O Nbd7 11. Qc2 Re8 12. d4 Rc8 13. Rfd1 Nf8 14. Bd3 Ne6 15. Bf5 g6 16. Bh3 Bf8 17. Ne2 Rc7 18. Nc3 Rc8 19. a3 Bg7 20. b4 Re7 21. Qb3 a6 22. a4 Rcc7 {0-1 Zhao,X (2568)-Ushenina,A (2501) Beijing Sportaccord blitz (Women) 2013 (5)}) 8... Bb7 9. d4 Nbd7 10. Rc1 ({RR} 10. Nd2 e5 11. dxe5 Nxe5 12. Qc2 Rc8 13. Nf3 Qe7 14. h3 dxc4 15. bxc4 c5 16. Nxe5 Qxe5 17. g3 Qe6 18. Rad1 Qxh3 19. Nd5 Bxg3 20. fxg3 Qxg3+ 21. Kh1 Nxd5 22. cxd5 Qh3+ 23. Kg1 Qxe3+ 24. Rf2 Rcd8 {½-½ Zhu,L (2132)-Melaa,S (2315) Titled Tue 9th Jul Late 2024 (3)}) 10... Qe7 $146 ({RR} 10... Re8 11. Rc2 Qe7 12. Qa1 Rad8 13. Rd1 Nf8 14. Ne5 Ng6 15. Nxg6 hxg6 16. a3 dxc4 17. Bxc4 Ng4 18. h3 Nh6 19. Rcd2 Nf5 20. Be2 Bb8 21. Bf3 Nh4 22. Be2 Qg5 23. g4 c5 24. d5 exd5 25. Nxd5 {0-1 Tifferet,S (2230)-Dreev,A (2662) EU-ch 17th Gjakova 2016 (1)}) ({RR} 10... Rc8 11. Qd3 Qe7 12. e4 dxe4 13. Nxe4 Nxe4 14. Qxe4 f5 15. Qe3 c5 16. Rcd1 Rcd8 17. Ng5 Rfe8 18. Bf3 cxd4 19. Bxd4 Bxf3 20. Nxf3 e5 21. Bb2 Bc5 22. Qc3 e4 23. Nh4 Rf8 24. Rd5 Bb4 25. Qh3 {½-½ Bodi,T (2287)-Dudognon,T (2338) Budapest FS10 IM 2022 (9)}) 11. Qc2 h6 12. e4 Nxe4 13. Nxe4 dxe4 14. Qxe4 Nf6 15. Qh4 c5 16. Ne5 Rad8 17. Rcd1 cxd4 18. Bxd4 Qc7 19. Ng4 Nxg4 20. Bxg4 Rd7 21. Be2 Rfd8 22. Be3 f5 23. Qh5 Be4 24. f3 Bc6 25. Kh1 Kh7 26. Qh4 Be5 27. Bc1 Rxd1 28. Bxd1 Bf6 29. Qf2 e5 30. Bc2 g6 31. h3 Qe7 32. Qe2 Re8 33. Bb2 e4 34. Bxf6 Qxf6 35. fxe4 Qe5 36. Qd2 Bxe4 37. Rd1 Re7 38. Qf2 Qc3 39. Bxe4 fxe4 40. Qf8 Qe5 41. Rd5 Qg7 42. Qxg7+ Kxg7 43. Kg1 e3 44. Kf1 Rf7+ 45. Ke2 Rf2+ 46. Kxe3 Rxa2 47. Kf3 Rb2 48. Rd3 Kf6 49. h4 Ke5 50. Rd5+ Ke6 51. Rd3 Ke5 52. Rd5+ Ke6 53. Rd3 Ke5 54. Rd5+ 1/2-1/2

[Event "Olympiad Women 2024"]
[Site "Budapest HUN"]
[Date "2024.09.11"]
[Round "1.6"]
[Board "2"]
[White "Buksa, Nataliya"]
[Black "Zhanybekova, Begimay"]
[Result "1-0"]
[WhiteElo "2387"]
[BlackElo "1784"]
[PlyCount "129"]
[EventDate "2024.09.11"]
[WhiteTeam "Ukraine"]
[BlackTeam "Kyrgyzstan"]
[WhiteTeamCountry "UKR"]
[BlackTeamCountry "KGZ"]

1. e4 c5 2. Nf3 e6 3. d4 cxd4 4. Nxd4 Nc6 5. Nc3 Qc7 6. Be2 a6 7. Be3 Nf6 8. O-O Bb4 9. Na4 Be7 10. Nxc6 bxc6 11. Nb6 Rb8 12. Nxc8 Qxc8 13. Bd4 c5 14. Be5 Rb6 15. Bf3 O-O 16. a4 d6 17. a5 Rb8 18. Bc3 Nd7 19. Be2 Nf6 $146 ({RR} 19... Ne5 20. f4 Nc6 21. Qd3 Ra8 22. Qg3 Nd4 23. Bd3 Kh8 24. Qh3 f6 25. b3 e5 26. f5 g6 27. Bc4 Nxc2 28. Rac1 Nd4 29. Bxd4 exd4 30. Be6 Qe8 31. fxg6 Qxg6 32. Bf5 Qg7 33. Rf4 Rf7 34. Bxh7 {1-0 Slizhevsky,A (2384)-Adireddy,A (2301) 21st Tamil Nadu IM 2024 (2.1)}) ({RR} 19... Qc6 20. Qd3 Ra8 21. Rad1 Rfd8 22. f4 Bf8 23. b3 Rac8 24. Qxa6 Qxe4 25. Bd3 Qa8 26. f5 Qxa6 27. Bxa6 Rb8 28. fxe6 fxe6 29. Rde1 Re8 30. Be2 Nf6 31. a6 Ra8 32. Bxf6 gxf6 33. Rxf6 Kg7 34. Ref1 {1-0 Majdan,J (2377)-Hapala,E (2140) EU-ch (Women) 20th 2019 (1)}) 20. Qd3 Rd8 21. Rfe1 Ra8 22. Qg3 Rd7 23. Rad1 Qd8 24. Bc4 Bf8 25. Qf3 Ne8 26. Qh3 Nc7 27. f4 Nb5 28. Bd2 d5 29. exd5 exd5 30. Bd3 g6 31. f5 Bg7 32. Rf1 c4 33. fxg6 hxg6 34. Bg5 Qxg5 35. Qxd7 Rf8 36. Bxg6 Qxg6 37. Qxd5 Qxc2 38. Rf2 Qb3 39. Kh1 Nc7 40. Qd7 Ne6 41. Rdf1 Qd3 42. Qb7 Nc5 43. Qc6 Ne4 44. Rf3 Qe2 45. Qd5 Nf6 46. Qb7 Rd8 47. Qxa6 Rd1 48. Qc8+ Ne8 49. Qf5 Nd6 50. Qf4 Bxb2 51. Rxd1 Qxd1+ 52. Rf1 Qd3 53. a6 Bd4 54. Qg4+ Bg7 55. Rd1 Qa3 56. a7 f5 57. Qe2 Qxa7 58. Rxd6 Qf7 59. Rc6 c3 60. Qc4 Qxc4 61. Rxc4 Kf7 62. Rc7+ Kg6 63. g3 Be5 64. Rc6+ Kg5 65. Kg2 1-0

[Event "Olympiad Women 2024"]
[Site "Budapest HUN"]
[Date "2024.09.11"]
[Round "1.6"]
[Board "3"]
[White "Lesbekova, Assel"]
[Black "Gaponenko, Inna"]
[Result "0-1"]
[WhiteElo "1903"]
[BlackElo "2324"]
[PlyCount "78"]
[EventDate "2024.09.11"]
[WhiteTeam "Kyrgyzstan"]
[BlackTeam "Ukraine"]
[WhiteTeamCountry "KGZ"]
[BlackTeamCountry "UKR"]

1. e4 Nf6 2. Nc3 d5 3. exd5 Nxd5 4. Nxd5 Qxd5 5. Qf3 Qxf3 6. Nxf3 Nc6 7. Bb5 Bd7 8. d4 O-O-O 9. c3 f6 ({RR} 9... a6 10. Bc4 f6 11. O-O Na5 12. Be2 Bb5 13. Re1 Bxe2 14. Rxe2 e5 15. dxe5 Rd1+ 16. Re1 Rxe1+ 17. Nxe1 fxe5 18. b3 Nc6 19. Be3 Bd6 20. Rd1 Kd7 21. Nd3 Ke6 22. Nc5+ Bxc5 23. Bxc5 Rd8 24. Rxd8 {1-0 Zhizmer,Y (2287)-Bryakin,M (2469) Titled Tue 4th Jun Early 2024 (8)}) 10. Be3 e6 11. b4 $146 ({RR} 11. O-O-O a6 12. Bd3 Ne7 13. Be4 Nd5 14. c4 Nxe3 15. fxe3 c6 16. c5 Kc7 17. b4 b5 18. Bc2 a5 19. a3 axb4 20. axb4 g5 21. h3 h5 22. Bb3 Bh6 23. Rhe1 g4 24. hxg4 hxg4 25. Nd2 f5 {½-½ Vrkota,M (2073)-Lastovka,J (2134) CZE-chT2C 1112 2011 (7.6)}) 11... Bd6 12. Bc4 Ne7 13. O-O Nd5 14. Bd2 g5 15. Rfd1 c6 16. Bb3 g4 17. Ne1 e5 18. Nd3 Bf5 19. c4 Bxd3 20. cxd5 exd4 21. dxc6 Be2 22. Re1 d3 23. b5 Rhe8 24. cxb7+ Kxb7 25. Bd5+ Kb8 26. Bc6 Re5 27. a4 Rf5 28. Ba5 Bc7 29. Bd2 Bb6 30. a5 Bxf2+ 31. Kh1 Bxe1 32. Rxe1 Rd4 33. h3 g3 34. a6 Rdf4 35. Bf3 Bxf3 36. Re8+ Kc7 37. Bxf4+ Rxf4 38. b6+ axb6 39. a7 d2 0-1

[Event "Olympiad Women 2024"]
[Site "Budapest HUN"]
[Date "2024.09.11"]
[Round "1.6"]
[Board "4"]
[White "Doluhanova, Evgeniya"]
[Black "Sezdbekova, Aizhan"]
[Result "1-0"]
[WhiteElo "2304"]
[BlackElo "1799"]
[PlyCount "91"]
[EventDate "2024.09.11"]
[WhiteTeam "Ukraine"]
[BlackTeam "Kyrgyzstan"]
[WhiteTeamCountry "UKR"]
[BlackTeamCountry "KGZ"]

1. Nf3 Nf6 2. e3 d5 3. c4 e6 4. Nc3 c5 5. cxd5 exd5 6. d4 Nc6 7. Be2 cxd4 8. Nxd4 Bc5 9. O-O O-O 10. Nxc6 bxc6 11. b3 Qe7 12. Qc2 $146 ({RR} 12. Bb2 Ne4 13. Nxe4 dxe4 14. Qc2 Bb7 15. Rfd1 Rad8 16. Bc4 Kh8 17. Rxd8 Rxd8 18. Rd1 Bd6 19. g3 Bc8 20. Be2 Bd7 21. Qc3 f6 22. Qa5 Bh3 23. Rd4 Rb8 24. Qa4 Be5 25. Ba3 Qc7 26. Rxe4 Rd8 {1-0 Souza Mendes,J-Farias,S BRA-ch Vitoria 1961 (5)}) ({RR} 12. Bb2 Bd7 13. Bf3 Rac8 14. Rc1 Rfd8 15. Re1 Bf5 16. Ne2 Bb6 17. Nd4 Bd7 18. g3 Ne4 19. Bg4 Bxg4 20. Qxg4 Bxd4 21. Bxd4 f6 22. Rc2 Rc7 23. Rec1 Rdc8 24. b4 h5 25. Qxh5 Qxb4 26. Bc5 Qb5 {0-1 Atanasov,A (2417)-Rahul,S (2452) 1000GM Memorial Day 2024 (7.6)}) ({RR} 12. Bb2 Rd8 13. Na4 Bd6 14. Qd4 Bf5 15. Rac1 Rac8 16. Nc5 Ne8 17. h3 f6 18. f4 Nc7 19. Bf3 Ne6 20. Nxe6 Bxe6 21. Qd3 Kh8 22. Bg4 Re8 23. Rf3 Qd7 24. Bxe6 Rxe6 25. Qa6 Bb4 26. Rc2 h6 {0-1 Ceschia,I (2229)-Steiner,S (2262) AUT-chT2M 2223 2022 (1.5)}) 12... Bd7 13. Bb2 Rac8 14. Bd3 Bd6 15. Rfe1 Rfe8 16. h3 h6 17. Bf1 Qe5 18. g3 Qh5 19. Qd1 Qg6 20. Bg2 Bf5 21. Rc1 Bb8 22. Ne2 Ne4 23. Nf4 Bxf4 24. exf4 Qd6 25. g4 Bh7 26. Qd4 Nf6 27. Rxe8+ Rxe8 28. f5 Re7 29. Bf3 Ne8 30. Kg2 f6 31. Rxc6 Qxc6 32. Bxd5+ Qxd5+ 33. Qxd5+ Kh8 34. Qd8 Re2 35. Bd4 Bg8 36. Be3 Bf7 37. a4 Kh7 38. a5 g6 39. fxg6+ Bxg6 40. b4 a6 41. Kf3 Rb2 42. Qe7+ Ng7 43. h4 h5 44. g5 fxg5 45. Bd4 Rb3+ 46. Kg2 1-0